Online
Catalog

Bienes nacionales : (Record no. 20031)

MARC details
000 -CABECERA
campo de control de longitud fija 00746nam a2200193 a 4500
001 - NÚMERO DE CONTROL
campo de control 000020527
005 - FECHA Y HORA DE LA ÚLTIMA TRANSACCIÓN
campo de control 20240311204353.0
008 - DATOS DE LONGITUD FIJA--INFORMACIÓN GENERAL
campo de control de longitud fija 130417s1982 dr 000 0 spa d
040 ## - FUENTE DE LA CATALOGACIÓN
Centro catalogador/agencia de origen DO-SdBNP
Lengua de catalogación spa
Centro/agencia transcriptor BNPHU
082 ## - NÚMERO DE LA CLASIFICACIÓN DECIMAL DEWEY
Número de clasificación xxx
Número de documento/Ítem xxx
245 00 - MENCIÓN DE TÍTULO
Título Bienes nacionales :
Resto del título base legal /
Mención de responsabilidad, etc. Instituto de Capacitación Tributaria de la Secretaría de Estado de Finanzas ; presentación Frinette Torres de Urtecho.
260 ## - PUBLICACIÓN, DISTRIBUCIÓN, ETC.
Lugar de publicación, distribución, etc. Santo Domingo :
Nombre del editor, distribuidor, etc. (INCAT) ,
Fecha de publicación, distribución, etc. 1982.
300 ## - DESCRIPCIÓN FÍSICA
Extensión 114 p. ;
Dimensiones 21 cm.
490 1# - MENCIÓN DE SERIE
Mención de serie Serie legislativa ;
Designación de volumen o secuencia 10 ;
590 ## - NOTA LOCAL (RLIN)
Nota local Inventariado, 2019/ YL
700 1# - PUNTO DE ACCESO ADICIONAL--NOMBRE DE PERSONA
Nombre de persona Torres de Urtecho, Frinette
Término indicativo de función/relación pres.
9 (RLIN) 35883
710 2# - PUNTO DE ACCESO ADICIONAL--NOMBRE DE ENTIDAD CORPORATIVA
Nombre de entidad corporativa o nombre de jurisdicción como elemento de entrada Instituto de Capacitación Tributaria (República Dominicana)
9 (RLIN) 73226
830 #0 - PUNTO DE ACCESO ADICIONAL DE SERIE-TÍTULO UNIFORME
Título uniforme Serie legislativa
Número de parte o sección de la obra 10
9 (RLIN) 43249
Holdings
Estado de retiro Estado de pérdida No para préstamo Código de colección Localización permanente Ubicación/localización actual Ubicación en estantería Fecha de adquisición Número de inventario Total de préstamos Signatura topográfica completa Código de barras Fecha visto por última vez Precio válido a partir de Tipo de ítem Koha Nota pública
    Excluido de préstamo Patrimonio Dominicano Patrimonio Dominicano Patrimonio Dominicano En catalogación 22.07.2019 LF1   xxx xxx 20527-10 25.06.2020 25.06.2020 Libro y Folleto Colección Patrimonio Dominicano Donación Familia Reyes Duluc

Powered by Koha